Greek God Logic Puzzle - Statistics

General Stats
  • This quiz has been taken 288 times
  • The average score is 11 of 16
Answer Stats
Answer % Correct
Zeus
96%
Athena
91%
Hera
85%
Artemis
80%
Apollo
77%
Aphrodite
75%
Hephaestus
75%
Ares
70%
Hades
70%
Poseidon
68%
Hermes
67%
Dionysus
58%
Hestia
48%
Kronos
44%
Demeter
41%
Gaea
20%
No matching quizzes found
Score Distribution
Percent of People with Each Score
Percentile by Number Answered
Your Score History
You have not taken this quiz